000 00622nam a22001817a 4500
003 OSt
005 20250819055248.0
008 250819b |||||||| |||| 00| 0 eng d
020 _a0-8478-1661-3.
040 _aDWC-Main Lib.
_cOC
100 _aCARRIER, ROBERT
245 _aFeasts of Provence/
_cCARRIER, ROBERT
260 _aNew York :
_bRizzoli,
_c[no date of publication]
300 _a223 pages :
_bcolor illustrations ;
_c30 cm.
504 _aIncludes index.
650 _a1. Cooking, French--Provencal style. 2. Cooking--France--Provence. 3. Restaurants--France--Provence.
942 _2ddc
_cBK-CIRC
_hCirc.
_n0
999 _c4068
_d4068